000 00646cam a2200205 a 4500
001 000003959
005 20200929150636.0
008 931026s1988 txu 001 f spa d
020 _a0311370268
040 _aDO-SdBNP
_cTxIr
_dDLC
082 _a813
_bV152t
100 1 _aValencia, Eddie.
_911900
245 1 0 _aTulipanes en diciembre :
_bdos novios frente al dilema del aborto /
_cEddie Valencia.
260 _aEl Paso, Tex. :
_bMundo Hispano,
_c1988.
300 _a96 p. ;
_c18 cm.
500 _aE.M.H. Art. No. 37026.
650 4 _aLiteratura norteamericana
_93227
650 4 _aAborto
_xFicción
_911901
910 _aCatalogación por copia / LC
999 _c3778
_d3778